| 000 | 00841cam a2200277 a 4500 | ||
|---|---|---|---|
| 001 | 16598095 | ||
| 005 | 20180227053948.0 | ||
| 008 | 110104s2012 dcuab b 001 0 eng | ||
| 010 | _a 2010052220 | ||
| 020 | _a9781608712724 (alk. paper) | ||
| 020 | _a1608712729 (alk. paper) | ||
| 035 | _a(OCoLC)ocn670478795 | ||
| 040 |
_aDLC _cDLC _dYDX _dBTCTA _dYDXCP _dBWX _dCDX _dDLC |
||
| 041 | _aeng | ||
| 042 | _apcc | ||
| 043 | _an-us--- | ||
| 080 | _a320.473 | ||
| 082 | 0 | 0 |
_a320.473 BAR _222 |
| 100 | 1 | _a20 | |
| 101 | _aSHP | ||
| 245 | 1 | 0 |
_aKeeping the republic : _cChristine Barbour, Gerald C. Wright. |
| 504 | _aIncludes bibliographical references and index. | ||
| 906 |
_a7 _bcbc _corignew _d1 _eecip _f20 _gy-gencatlg |
||
| 942 |
_2ddc _cBK |
||
| 999 |
_c43577 _d43577 |
||